000
00333nam a22001577a 4500
003
SGT
020
_a
9789353337308
082
_a
025.4618
_b
I19K
100
_a
KANT, AMITABH
245
_a
INCRIDIBLE INDIA 2.0
250
_a
1ST
260
_a
INDIA
_b
RUPA PUB
_c
2019
300
_a
224
650
_a
GENERAL BOOKS
942
_2
ddc
_c
BK
999
_c
26342
_d
26342